00671 2200193 4500001002100000005001500021035002000036245004300056100002000099250001700119300002800136260003100164082000800195084001400203020002200217650001400239520020200253500002200455INLIS00000000000010020240506103841 a0010-05240000221 aArkan Gemar Berbagi /cAnisa Widiyarti0 aAnisa Widiyarti acetakan ke-1 a32 hlm :bilus ;c25 cm aSolo :bTiga Ananda,c2020 a813 a813 ANI a a978-623-206-426-3 4aBuku anak aArkan dikenal sebagai anak yang gemar berbagi. Bahkan, ia sampai kehabisan bekal karena dibagi kepada teman-temannya. Terus, arkan makan apa, dong? Apakah teman-temannya juga mau berbagi dengannya? aseri budaya islam